000 00671nam a2200229Ia 4500
008 160319s9999 xx 000 0 und d
020 _a971-23-1521-5
050 _aFIL KPM 715
050 _b.P46 1994
100 _aPeña, Narciso.
245 _aRegistration of land titles and deeds /
245 _cNarciso Peñan Narciso Peña, Jr, Nestor N. Peña.
260 _aManila:
260 _bRex Book Store, Inc.,
260 _c1994
300 _a867 pages :
300 _billustrations ;
300 _c23 cm.
650 _aLand titles -- Registration and transfer -- Philippines.
650 _aMortgages -- Philippines.
650 _xDeeds -- Philippines.
999 _c291545
_d291545